Godzilla titans quiz - Statistics

General Stats
  • This quiz has been taken 277 times
  • The average score is 6 of 11
Answer Stats
Answers % Correct
1. Godzilla
98%
4. Mothra
89%
5. Rodan
87%
7. King Kong
85%
6. King Ghidorah
77%
11. Behemoth
63%
10. Scylla
60%
8. Muto Prime
23%
9. Methusla
8%
3. Muto FEMALE
7%
2. Muto MALE
7%
No matching quizzes found
Score Distribution
Percent of People with Each Score
Percentile by Number Answered
Your Score History
You have not taken this quiz